000 02972njm0a2200481 4500
001 RU\NLR\ONIZ\265668
005 20250708193340.0
035 _a(NLR Aleph) 012743459
071 0 0 _aМ60 49471-2 000
090 _a13284429
_c13284429
100 _a20220324d1991 |||y0rusy50 ca
102 _aRU
126 _aabaxexu ux
_bxxx
127 _a000048
200 1 _aНа концертах Владимира Высоцкого
_bЗвукозапись
_h[Вып.] 16
_iИнтервью
_fмузыка и слова Владимира Высоцкого
_gисполняет автор, пение, гитара
203 _aМузыка
_bисполнительская
_cаудио
210 _aМосква
_cМелодия
_gЗавод грампластинок
_eЛенинград
_d1991
215 _a1 грп. [ГОСТ 5289-88] (48 мин) : 33 об/мин, моно
_d30 см, в конв
300 _aЗапись 1979 г
327 1 _a1. Гербарий ;
_a2. Я из дома ушёл ;
_a3. Вот - главный вход ;
_a4. Про сумасшедший дом ;
_a5. Летела жизнь ;
_a6. Реальней сновидения и бреда ;
_a7. Песня о судьбе ;
_a8. Интервью корреспонденту телевидения ФРГ ;
_a9. Инструкция перед поездкой ;
_a10. 07 ;
_a11. Через 10 лет - всё так же
464 0 _12001#$aГербарий
_tГербарий
464 0 _12001#$aЯ из дома ушёл
_tЯ из дома ушёл
464 0 _12001#$aВот - главный вход
_tВот - главный вход
464 0 _12001#$aПро сумасшедший дом
_tПро сумасшедший дом
464 0 _12001#$aЛетела жизнь
_tЛетела жизнь
464 0 _12001#$aРеальней сновидения и бреда
_tРеальней сновидения и бреда
464 0 _12001#$aПесня о судьбе
_tПесня о судьбе
464 0 _12001#$aИнтервью корреспонденту телевидения ФРГ
_tИнтервью корреспонденту телевидения ФРГ
464 0 _12001#$aИнструкция перед поездкой
_tИнструкция перед поездкой
464 0 _12001#$a07
_t07
464 0 _12001#$aЧерез 10 лет - всё так же
_tЧерез 10 лет - всё так же
606 1 _aАвторская песня
_yРоссия
_z20 век
_jЗвукозапись
_2nlr_sh
686 0 _aЩ943.4, 8(2)
700 1 _9z01790
_aВысоцкий
_bВ. С.
_f1938-1980
_gВладимир Семёнович
_4590
_4vma
_7ca
790 1 _9z01700
_aVysockij
_bV.
_f1938-1980
_gVladimir
_4590
_4vma
_7ba
801 0 _aRU
_bNLR
_c20220324
_gPSBO
801 1 _aRU
_bNLR
_c20220324
_2rusmarc
801 2 _aRU
_bNLR
_c20220325
852 _aNLR
_bМг
_j3/8139
_p38107
_t1
942 _cREC
980 _aNB
980 _aONIZ